|
|
|
|
| LEADER |
01155nam a22002891 4500 |
| 001 |
38044 |
| 003 |
BD-DhAAL |
| 008 |
220310t1964 nyuab b 000 0 eng d |
| 999 |
|
|
|c 43740
|d 43740
|
| 010 |
|
|
|a 64025882
|
| 040 |
|
|
|a DLC
|c DLC
|d DLC
|d BD-DhAAL
|
| 050 |
0 |
0 |
|a HM283
|b .R8
|
| 082 |
0 |
0 |
|a 301.158
|
| 100 |
1 |
|
|a Rudé, George
|9 46759
|
| 245 |
1 |
4 |
|a The crowd in history :
|b a study of popular disturbances in France and England,
|n 1730-1848 /
|c George Rudé.
|
| 260 |
|
|
|a New York :
|b John Wiley,
|c c1964.
|
| 300 |
|
|
|a ix, 281 pages :
|b illustrations, maps. ;
|c 22 cm.
|
| 490 |
|
|
|a New dimensions in history; essays in comparative history
|
| 504 |
|
|
|a Includes bibliographical references.
|
| 541 |
|
|
|a Donated By Akbar Ali Khan
|e 38044
|
| 650 |
|
0 |
|a Crowds.
|9 46760
|
| 650 |
|
0 |
|a Mobs.
|9 46761
|
| 650 |
|
0 |
|a Riots.
|9 46762
|
| 830 |
|
|
|a New dimensions in history; essays in comparative history
|9 46763
|
| 852 |
|
|
|a Ayesha Abed Library
|c Akbar Ali Khan Collection
|
| 942 |
|
|
|2 ddc
|c BK
|
| 952 |
|
|
|0 0
|1 0
|2 ddc
|4 0
|6 301_158000000000000_RUD
|7 1
|9 70090
|a BRACUL
|b BRACUL
|c AAKC
|d 2022-03-10
|e Donated by Akbar Ali Khan
|l 0
|o 301.158 RUD
|p 3010038044
|r 2022-03-10
|t 1
|w 2022-03-10
|y BK
|